000 00411cam a2200169ua 4500
020 _c775.00
041 _aeng
_h
082 _a664.024
_bMAC/FE
100 _aMachve, K.K .
245 _aFermentation technology /
_cK.K.Machve.
_hTextual Documents
260 _aDelhi :
_bMangalam Publications ,
_c2009.
300 _a ; .
365 _a775.00
504 _a
942 _cBK
999 _c13545
_d13545